Personálny audit ako východisko skvalitňovania ľudského kapitálu organizácie

Salvato in:
Dettagli Bibliografici
Autore principale: Andrejčák, Martin
Natura: Capitolo di libro
Lingua:slovacco
inglese
Tags: Aggiungi Tag
Nessun Tag, puoi essere il primo ad aggiungerne!!

MARC

LEADER 00000nla a2200000 4500
001 0192312
005 20240502073228.4
041 0 |a slo 
041 0 |a eng 
044 |a SK 
245 1 0 |a Personálny audit ako východisko skvalitňovania ľudského kapitálu organizácie  |c Martin Andrejčák 
500 |a Abstrakt 
100 1 |a Andrejčák, Martin